| 000 | 01037nam a2200217Ia 4500 | ||
|---|---|---|---|
| 005 | 20241129110041.0 | ||
| 008 | 241129s9999||||xx |||||||||||||| ||und|| | ||
| 020 | _a978-81-267-2926-5 | ||
| 037 | _aTB | ||
| 040 |
_aARTS _bhin _cARTS |
||
| 041 |
_ahin _2hin |
||
| 084 |
_aV2:2 152R1 _qARTS |
||
| 100 | _aकाशयप, सुभाष, ले. | ||
| 245 | 0 |
_aसंवैधानिक - राजनीतिक व्यवस्था: शासन प्रणाली और निर्वाचन प्रक्रिया: जर्मनी, ब्रिटेन, फ्रांस, रूस, ऑस्ट्रेलिया, चीन, संयुक्त राज्य अमेरिका और भारत _cकाशयप, सुभाष, ले. |
|
| 260 |
_aनई दिल्ली, भारत _bराजकमल प्रकाशन _c2022 |
||
| 300 | _a167पृ0 | ||
| 365 |
_aINR _b450 |
||
| 650 | _aHistory-India | ||
| 942 |
_cTB _hV2:2 152R1 |
||
| 999 |
_c1227138 _d1227138 |
||